[Event "Petah Tikva Winter IM-A"]
[Site "Petah Tikva"]
[Date "2020.03.02"]
[Round "8"]
[White "Aizenberg, Benny"]
[Black "Zubarev, Alexander"]
[Result "1-0"]
[WhiteElo "2215"]
[BlackElo "2445"]
[PlyCount "73"]
[EventDate "2020.01.26"]
[EventType "tourn"]
[EventRounds "9"]
[EventCountry "ISR"]
[EventCategory "3"]
[SourceTitle "CBM 195 Extra"]
[Source "ChessBase"]
[SourceDate "2020.05.31"]
[SourceVersion "1"]
[SourceVersionDate "2020.05.31"]
[SourceQuality "1"]

1. e4 c5 2. Nf3 d6 3. d4 cxd4 4. Nxd4 Nf6 5. Nc3 a6 6. h3 e6 7. g4 h6 8. Bg2 Nc6 9. 0-0 Nxd4 10. Qxd4 Be7 11. Be3 Qc7 12. f4 0-0 13. Rad1 Rb8 14. Qb6 Qxb6 15. Bxb6 Ne8 16. e5 d5 17. Ne2 f6 18. b3 g5 19. exf6 Nxf6 20. f5 exf5 21. gxf5 Bd7 22. Nc3 Bb5 23. Nxb5 axb5 24. Rfe1 Bb4 25. Re6 Rbc8 26. Bxd5 Kg7 27. c4 bxc4 28. Bxc4 Bc5+ 29. Kg2 h5 30. Ba5 Ra8 31. Bc3 Rxa2+ 32. Kh1 g4 33. b4 Rc2 34. Bxf6+ Rxf6 35. Rd7+ Rf7 36. Rg6+ Kh8 37. Bxf7 1-0

[Event "Petah Tikva Winter IM-B"]
[Site "Petah Tikva"]
[Date "2020.03.01"]
[Round "8"]
[White "Arlinsky, Uriel"]
[Black "Zubarev, Alexander"]
[Result "0-1"]
[WhiteElo "2311"]
[BlackElo "2445"]
[PlyCount "108"]
[EventDate "2020.01.26"]
[EventType "tourn"]
[EventRounds "9"]
[EventCountry "ISR"]
[EventCategory "3"]
[SourceTitle "CBM 195 Extra"]
[Source "ChessBase"]
[SourceDate "2020.05.31"]
[SourceVersion "1"]
[SourceVersionDate "2020.05.31"]
[SourceQuality "1"]

1. c4 c5 2. Nf3 Nc6 3. e3 e6 4. d4 d5 5. a3 Nf6 6. Nc3 Ne4 7. Bd3 Nxc3 8. bxc3 dxc4 9. Bxc4 Be7 10. 0-0 0-0 11. e4 b6 12. Qe2 cxd4 13. cxd4 Nxd4 14. Nxd4 Qxd4 15. Bb2 Qd6 16. Rfd1 Qf4 17. g3 Qh6 18. Rd3 Bc5 19. Bb5 a6 20. Bc6 Ra7 21. Be5 f6 22. Bd6 Bxd6 23. Rxd6 Qg5 24. Rad1 b5 25. Qa2 Qc5 26. Bd7 Bxd7 27. Rxd7 Rxd7 28. Rxd7 Qc1+ 29. Kg2 Qc6 30. Rd4 Re8 31. Qb3 Kf7 32. Qd3 Ke7 33. Kh3 e5 34. Rd5 Qc8+ 35. Kg2 Rd8 36. Qd2 Rxd5 37. Qxd5 g5 38. h3 h5 39. Kh2 h4 40. gxh4 gxh4 41. Kg2 Qe6 42. Qb7+ Kf8 43. Qb8+ Kg7 44. Qc7+ Kg6 45. Qc3 Qc4 46. Qf3 Qc8 47. Qb3 Qf8 48. Qe6 a5 49. Kh2 b4 50. axb4 axb4 51. Qb3 Kg7 52. Kg2 Qd6 53. Kg1 Qd4 54. Qf3 Qd2 0-1

[Event "Petah Tikva Winter IM-A"]
[Site "Petah Tikva"]
[Date "2020.02.16"]
[Round "6"]
[White "Cohen Revivo, Shoham"]
[Black "Zubarev, Alexander"]
[Result "0-1"]
[WhiteElo "2256"]
[BlackElo "2445"]
[PlyCount "68"]
[EventDate "2020.01.26"]
[EventType "tourn"]
[EventRounds "9"]
[EventCountry "ISR"]
[EventCategory "3"]
[SourceTitle "CBM 195 Extra"]
[Source "ChessBase"]
[SourceDate "2020.05.31"]
[SourceVersion "1"]
[SourceVersionDate "2020.05.31"]
[SourceQuality "1"]

1. e4 c5 2. Nf3 d6 3. d4 cxd4 4. Nxd4 Nf6 5. Nc3 a6 6. Be2 e6 7. g4 Nc6 8. Be3 Be7 9. g5 Nd7 10. h4 0-0 11. Qd2 Nxd4 12. Bxd4 b5 13. 0-0-0 Bb7 14. a3 Rc8 15. Kb1 Ne5 16. f4 Nc6 17. f5 Nxd4 18. Qxd4 Re8 19. fxe6 fxe6 20. Bg4 Bf8 21. Rhf1 Qc7 22. h5 Qc5 23. g6 Qxd4 24. Rxd4 hxg6 25. hxg6 Rc5 26. Rf7 Bc8 27. Rd3 Rg5 28. Bh3 Be7 29. Rxe7 Rxe7 30. Rxd6 Kf8 31. Ne2 Rxg6 32. e5 Kf7 33. Nf4 Rg3 34. Rd8 g5 0-1

[Event "Petah Tikva Winter IM-B"]
[Site "Petah Tikva"]
[Date "2020.02.11"]
[Round "5"]
[White "Zubarev, Alexander"]
[Black "Zubova, Mariya"]
[Result "1/2-1/2"]
[WhiteElo "2445"]
[BlackElo "2153"]
[PlyCount "24"]
[EventDate "2020.01.26"]
[EventType "tourn"]
[EventRounds "9"]
[EventCountry "ISR"]
[EventCategory "3"]
[SourceTitle "CBM 195 Extra"]
[Source "ChessBase"]
[SourceDate "2020.05.31"]
[SourceVersion "1"]
[SourceVersionDate "2020.05.31"]
[SourceQuality "1"]

1. d4 Nf6 2. c4 e6 3. Nc3 Bb4 4. Nf3 d5 5. cxd5 exd5 6. Bg5 h6 7. Bh4 Bf5 8. e3 Nbd7 9. Be2 c6 10. Qb3 Qb6 11. 0-0 Bd6 12. Bg3 Bxg3 1/2-1/2

[Event "Petah Tikva Winter IM-B"]
[Site "Petah Tikva"]
[Date "2020.01.26"]
[Round "1"]
[White "Lukinov, Petr"]
[Black "Zubarev, Alexander"]
[Result "1/2-1/2"]
[WhiteElo "2351"]
[BlackElo "2445"]
[PlyCount "26"]
[EventDate "2020.01.26"]
[EventType "tourn"]
[EventRounds "9"]
[EventCountry "ISR"]
[EventCategory "3"]
[SourceTitle "CBM 195 Extra"]
[Source "ChessBase"]
[SourceDate "2020.05.31"]
[SourceVersion "1"]
[SourceVersionDate "2020.05.31"]
[SourceQuality "1"]

1. e4 e6 2. d4 d5 3. exd5 exd5 4. Nf3 Nf6 5. c4 Bb4+ 6. Nc3 0-0 7. Be2 dxc4 8. Bxc4 Bg4 9. 0-0 Nc6 10. Be3 Qd7 11. h3 Bh5 12. a3 Bd6 13. Re1 Rfe8 1/2-1/2

[Event "Mittelrhein Regionalliga 16/17"]
[Site "Nordrheinwestfalen"]
[Date "2017.01.08"]
[Round "6.1"]
[White "Zubarev, Alexander"]
[Black "Eichhorn, Andreas"]
[Result "1-0"]
[WhiteElo "2537"]
[BlackElo "2280"]
[PlyCount "86"]
[EventDate "2016.09.11"]
[EventType "team-tourn"]
[EventRounds "11"]
[EventCountry "GER"]
[SourceTitle "EXT 2022"]
[Source "ChessBase"]
[SourceDate "2021.10.06"]
[SourceVersion "1"]
[SourceVersionDate "2021.10.06"]
[SourceQuality "1"]
[WhiteTeam "Siegburg"]
[BlackTeam "Koeln Lasker"]
[WhiteTeamCountry "GER"]
[BlackTeamCountry "GER"]

1. d4 e6 2. c4 d5 3. Nc3 Bb4 4. Nf3 Nf6 5. Qa4+ Nc6 6. Bg5 h6 7. Bxf6 Qxf6 8. e3 0-0 9. a3 Bxc3+ 10. bxc3 dxc4 11. Bxc4 e5 12. 0-0 Bd7 13. Ba2 Rad8 14. Qc2 Rfe8 15. Bd5 Bf5 16. Qa2 Be6 17. Bxe6 Qxe6 18. Rfd1 exd4 19. Qxe6 Rxe6 20. cxd4 Ne7 21. Rdc1 Nd5 22. Ne5 Rb6 23. a4 f5 24. a5 Rb5 25. a6 f4 26. axb7 Rxb7 27. e4 Nb4 28. d5 Re8 29. Nd7 Nd3 30. Rc3 Ne5 31. Nxe5 Rxe5 32. f3 Kf7 33. Rca3 Rg5 34. R1a2 Rb1+ 35. Kf2 Rh1 36. Rxa7 Rxh2 37. Rxc7+ Kg8 38. Kg1 Rgh5 39. Rd2 Rh1+ 40. Kf2 Ra1 41. d6 Rhh1 42. d7 Rae1 43. d8Q+ Kh7 1-0

[Event "Mittelrhein Verbandsliga-O 15/16"]
[Site "Nordrheinwestfalen"]
[Date "2016.05.01"]
[Round "11"]
[White "Zubarev, Alexander"]
[Black "Akstinat, Sven Holger"]
[Result "1-0"]
[WhiteElo "2521"]
[BlackElo "1921"]
[PlyCount "87"]
[EventDate "2015.09.06"]
[EventType "team-tourn"]
[EventRounds "11"]
[EventCountry "GER"]
[SourceTitle "EXT 2022"]
[Source "ChessBase"]
[SourceDate "2021.10.06"]
[SourceVersion "1"]
[SourceVersionDate "2021.10.06"]
[SourceQuality "1"]
[WhiteTeam "Siegburg"]
[BlackTeam "Lohmar"]
[WhiteTeamCountry "GER"]
[BlackTeamCountry "GER"]

1. d4 e6 2. c4 b6 3. a3 Bb7 4. Nc3 g6 5. e4 Bg7 6. Nf3 Ne7 7. Bd3 0-0 8. h4 d5 9. cxd5 exd5 10. e5 c5 11. h5 Nbc6 12. Ne2 cxd4 13. hxg6 hxg6 14. Bh6 Bxh6 15. Rxh6 Kg7 16. Qd2 Rh8 17. Rxh8 Qxh8 18. 0-0-0 Qc8 19. Kb1 Ba6 20. Bxa6 Qxa6 21. Nexd4 Qa4 22. e6 f6 23. Rh1 Rh8 24. Rxh8 Kxh8 25. Qf4 Nf5 26. Qh2+ Kg8 27. Nxc6 Qxc6 28. Qb8+ Kh7 29. Qxa7+ Kh6 30. Qf7 Qc4 31. Qxf6 Qf1+ 32. Ka2 Qc4+ 33. b3 Qc2+ 34. Qb2 Qxb2+ 35. Kxb2 Kg7 36. g4 Nd6 37. Nd4 Kf6 38. f4 Ne4 39. a4 Nf2 40. g5+ Ke7 41. b4 Nd3+ 42. Kc3 Nxf4 43. a5 bxa5 44. bxa5 1-0

[Event "Novosibirsk Sukharev Memorial op"]
[Site "Novosibirsk"]
[Date "2008.07.25"]
[Round "?"]
[White "Okladnikov, Gennady"]
[Black "Zubarev, Alexander"]
[Result "1-0"]
[WhiteElo "2177"]
[BlackElo "2517"]
[PlyCount "141"]
[EventDate "2008.07.20"]
[EventType "swiss"]
[EventRounds "9"]
[EventCountry "RUS"]
[SourceTitle "EXT 2022"]
[Source "ChessBase"]
[SourceDate "2021.10.06"]
[SourceVersion "1"]
[SourceVersionDate "2021.10.06"]
[SourceQuality "1"]

1. e4 d6 2. d4 Nf6 3. Nc3 c6 4. Bg5 e5 5. dxe5 dxe5 6. Qxd8+ Kxd8 7. Bc4 Be6 8. Bxe6 fxe6 9. Nf3 Nbd7 10. 0-0-0 Kc7 11. Bh4 Nh5 12. g4 Nf4 13. Bg3 Ng6 14. Ne2 c5 15. Rd3 Be7 16. Rhd1 Rad8 17. c4 h5 18. gxh5 Rxh5 19. Kc2 Ndf8 20. Rxd8 Bxd8 21. Nc1 Bf6 22. Nd3 Nd7 23. a3 a5 24. Rb1 Rh8 25. Rh1 a4 26. Nd2 Ne7 27. f4 Nc6 28. fxe5 Bh4 29. Bf4 Nd4+ 30. Kb1 b6 31. Rg1 g5 32. Be3 Kc6 33. Bxd4 cxd4 34. Nf3 Nf8 35. Nxd4+ Kd7 36. Nf3 Kc6 37. Rf1 Kd7 38. c5 bxc5 39. Nxc5+ Kc6 40. Nxa4 Nd7 41. Nd4+ Kb7 42. Rf7 Kc8 43. Nxe6 Be1 44. Nxg5 Nxe5 45. Rf5 Nd7 46. Nf3 Bf2 47. e5 Re8 48. b4 Kd8 49. Ng5 Be3 50. Nf7+ Ke7 51. Rf3 Bg1 52. h4 Ke6 53. Nb2 Nxe5 54. Nxe5 Kxe5 55. Rf1 Rg8 56. Kc2 Bd4 57. Nc4+ Kd5 58. Nd2 Rg3 59. Rf5+ Ke6 60. Rf3 Rg4 61. Rh3 Bg7 62. Kb3 Kd5 63. h5 Bh6 64. Rd3+ Kc6 65. Nc4 Kc7 66. Rd5 Rg3+ 67. Ka4 Bc1 68. Rc5+ Kb8 69. b5 Rh3 70. b6 Bf4 71. Rf5 1-0

[Event "Novosibirsk Sukharev Memorial op"]
[Site "Novosibirsk"]
[Date "2008.07.22"]
[Round "?"]
[White "Zubarev, Alexander"]
[Black "Karpova, Lyudmila"]
[Result "1/2-1/2"]
[WhiteElo "2517"]
[BlackElo "2163"]
[PlyCount "59"]
[EventDate "2008.07.20"]
[EventType "swiss"]
[EventRounds "9"]
[EventCountry "RUS"]
[SourceTitle "EXT 2022"]
[Source "ChessBase"]
[SourceDate "2021.10.06"]
[SourceVersion "1"]
[SourceVersionDate "2021.10.06"]
[SourceQuality "1"]

1. d4 d5 2. Bg5 Nf6 3. e3 e6 4. Bd3 Be7 5. Nd2 c5 6. c3 Nc6 7. f4 cxd4 8. exd4 Qc7 9. Nh3 Bd7 10. Qe2 0-0-0 11. Nf3 Kb8 12. 0-0 h6 13. Bh4 Ne8 14. Bxe7 Nxe7 15. Ne5 Nd6 16. Nxd7+ Qxd7 17. Rae1 Nc6 18. Nf2 Rde8 19. Ng4 f5 20. Ne5 Nxe5 21. dxe5 Ne4 22. Bxe4 fxe4 23. c4 Qc6 24. cxd5 exd5 25. Rc1 Qb6+ 26. Kh1 g5 27. g3 gxf4 28. gxf4 Rhf8 29. Rcd1 Qe6 30. Qe3 1/2-1/2

[Event "Koltsovo Naukograd op"]
[Site "Koltsovo"]
[Date "2008.07.03"]
[Round "6"]
[White "Kuzmin, Nikolai"]
[Black "Zubarev, Alexander"]
[Result "0-1"]
[WhiteElo "2079"]
[BlackElo "1937"]
[PlyCount "72"]
[EventDate "2008.06.28"]
[EventType "swiss"]
[EventRounds "9"]
[EventCountry "RUS"]
[SourceTitle "EXT 2022"]
[Source "ChessBase"]
[SourceDate "2021.10.06"]
[SourceVersion "1"]
[SourceVersionDate "2021.10.06"]
[SourceQuality "1"]

1. e4 d6 2. Bc4 c6 3. Nc3 Nf6 4. Bb3 e5 5. d4 Nbd7 6. f4 exd4 7. Qxd4 Qb6 8. Nf3 Qxd4 9. Nxd4 Nc5 10. e5 Nxb3 11. axb3 Ng4 12. exd6 Bxd6 13. Ne4 Bc7 14. b4 0-0 15. 0-0 Bb6 16. Nc5 Rd8 17. Re1 Kf8 18. c3 Rd5 19. b3 Nf6 20. Bb2 a6 21. h3 a5 22. Kh2 Rb8 23. Rad1 axb4 24. cxb4 Bc7 25. g3 h5 26. h4 Bg4 27. Rd3 Bd6 28. Rde3 b6 29. Nd3 Bd7 30. Kg2 Ng4 31. Rf3 c5 32. Nc2 Bc6 33. Kg1 Bb5 34. Rd1 cxb4 35. Nce1 Bc5+ 36. Kh1 Bc6 0-1

[Event "Koltsovo Naukograd op"]
[Site "Koltsovo"]
[Date "2008.07.02"]
[Round "5"]
[White "Yakimov, S Yu"]
[Black "Zubarev, Alexander"]
[Result "1-0"]
[WhiteElo "2215"]
[BlackElo "1937"]
[PlyCount "103"]
[EventDate "2008.06.28"]
[EventType "swiss"]
[EventRounds "9"]
[EventCountry "RUS"]
[SourceTitle "EXT 2022"]
[Source "ChessBase"]
[SourceDate "2021.10.06"]
[SourceVersion "1"]
[SourceVersionDate "2021.10.06"]
[SourceQuality "1"]

1. e4 c5 2. Nf3 e6 3. c3 Qc7 4. d4 a6 5. Bd3 d6 6. 0-0 Ne7 7. Bf4 Ng6 8. Bg3 e5 9. Nbd2 Be7 10. a4 Be6 11. Qe2 0-0 12. b4 Bg4 13. bxc5 Nd7 14. cxd6 Bxd6 15. Nc4 Nf4 16. Bxf4 exf4 17. e5 Be7 18. Qe4 g6 19. Qxf4 Be6 20. Ncd2 Qxc3 21. Be4 f6 22. Qh6 fxe5 23. Bxg6 Rf7 24. Bxf7+ Bxf7 25. Rac1 Qa5 26. dxe5 Bg6 27. Qf4 Rf8 28. Qc4+ Kh8 29. Qe6 Qd8 30. Qd5 b6 31. Rfd1 Nc5 32. Qxd8 Rxd8 33. Nc4 Nd3 34. Ra1 Bc5 35. Ne3 a5 36. Ne1 Bd4 37. Ra2 Nxe1 38. Rad2 Nd3 39. Rxd3 Bxd3 40. Rxd3 b5 41. axb5 Kg8 42. Kf1 Kf7 43. Ke2 Ke6 44. f4 Bb6 45. Nc4 Rxd3 46. Kxd3 Bg1 47. Nxa5 Kd5 48. Nc4 Bxh2 49. b6 Kc6 50. Ke4 h5 51. f5 Bg1 52. f6 1-0

[Event "Koltsovo Naukograd op"]
[Site "Koltsovo"]
[Date "2008.06.30"]
[Round "3"]
[White "Zubarev, Alexander"]
[Black "Egitov, Alexey"]
[Result "0-1"]
[WhiteElo "1937"]
[BlackElo "2047"]
[PlyCount "86"]
[EventDate "2008.06.28"]
[EventType "swiss"]
[EventRounds "9"]
[EventCountry "RUS"]
[SourceTitle "EXT 2022"]
[Source "ChessBase"]
[SourceDate "2021.10.06"]
[SourceVersion "1"]
[SourceVersionDate "2021.10.06"]
[SourceQuality "1"]

1. d4 Nf6 2. Bg5 c5 3. e3 cxd4 4. exd4 d6 5. Nc3 Nc6 6. Nf3 Bg4 7. Be2 Rc8 8. 0-0 h6 9. Be3 e6 10. d5 Nb4 11. Bb5+ Nd7 12. dxe6 fxe6 13. a3 Nc6 14. h3 Bh5 15. Ne4 Qc7 16. g4 Bf7 17. Bf4 e5 18. Bh2 Be7 19. Ng3 Be6 20. Rc1 0-0 21. Bd3 Nc5 22. Bf5 Qd7 23. b4 Bxf5 24. gxf5 Na4 25. c4 Rxf5 26. Nxf5 Qxf5 27. Kg2 Rf8 28. Qd5+ Kh8 29. b5 Nb6 30. Qd1 e4 31. Ng1 Ne5 32. Bxe5 Qxe5 33. Ne2 Rf3 34. Qd4 Qe6 35. Rh1 Bf6 36. Qd1 Bh4 37. Ng3 Bxg3 38. fxg3 Nxc4 39. Qe2 Qe5 40. Qe1 Ne3+ 41. Kg1 Rxg3+ 42. Kf2 Qf4+ 43. Ke2 Rg2+ 0-1

[Event "Novosibirsk CC-ch"]
[Site "Novosibirsk"]
[Date "2007.01.16"]
[Round "2"]
[White "Zubarev, Alexander"]
[Black "Kuzmin, Nikolai"]
[Result "0-1"]
[WhiteElo "2309"]
[BlackElo "2039"]
[PlyCount "126"]
[EventDate "2007.01.14"]
[EventType "swiss"]
[EventRounds "11"]
[EventCountry "RUS"]
[SourceTitle "EXT 2010"]
[Source "ChessBase"]
[SourceDate "2010.11.25"]
[SourceVersion "1"]
[SourceVersionDate "2010.11.25"]
[SourceQuality "1"]

1. d4 Nf6 2. Bg5 g6 3. Nc3 d5 4. f3 Nc6 5. Qd2 h6 6. Bh4 Bg7 7. 0-0-0 0-0 8. e4 dxe4 9. fxe4 e5 10. d5 Nd4 11. Bf2 c5 12. dxc6 bxc6 13. Nf3 Bg4 14. Be2 Bxf3 15. gxf3 Rb8 16. Rdf1 Qb6 17. Nd1 Nxe2+ 18. Qxe2 Qa5 19. Qc4 Rfd8 20. Be1 Qb5 21. Qxb5 Rxb5 22. a3 Nh5 23. Nc3 Rb7 24. Bf2 Nf4 25. Rd1 Rdb8 26. b3 Ne6 27. Rd2 Nd4 28. Bxd4 exd4 29. Ne2 c5 30. Kd1 a5 31. Nc1 a4 32. Rd3 Ra7 33. f4 axb3 34. cxb3 Rxa3 35. e5 f6 36. Re1 fxe5 37. fxe5 Re8 38. e6 Ra6 39. Rg3 g5 40. Nd3 Ra1+ 41. Nc1 Bf8 42. Rg2 Bd6 43. Kc2 Bf4 44. h4 Kg7 45. hxg5 hxg5 46. Rge2 Rxc1+ 47. Rxc1 Bxc1 48. Kxc1 Kf6 49. b4 cxb4 50. Re4 Rxe6 51. Rxd4 Rb6 52. Kb2 b3 53. Rc4 Kg6 54. Rc5 Kh5 55. Rc4 g4 56. Rc8 Kh4 57. Rh8+ Kg3 58. Rc8 Kg2 59. Rd8 g3 60. Rf8 Kg1 61. Rf4 g2 62. Rf5 Rh6 63. Kxb3 Kh1 0-1

[Event "Wroclaw Polonia op-A"]
[Site "Wroclaw"]
[Date "2005.06.29"]
[Round "4"]
[White "Zubarev, Alexander"]
[Black "Zawadzki, Stanislaw"]
[Result "0-1"]
[WhiteElo "2309"]
[BlackElo "2398"]
[PlyCount "88"]
[EventDate "2005.06.??"]
[EventType "swiss"]
[EventRounds "9"]
[EventCountry "POL"]
[SourceTitle "EXT 2006"]
[Source "ChessBase"]
[SourceDate "2005.11.24"]
[SourceVersion "1"]
[SourceVersionDate "2005.11.24"]
[SourceQuality "1"]

1. c4 c6 2. Nf3 Nf6 3. Nc3 d5 4. e3 e6 5. b3 Nbd7 6. Bb2 Bd6 7. Qc2 Qe7 8. Be2 0-0 9. h3 e5 10. cxd5 Nxd5 11. Ne4 Bc7 12. g4 Re8 13. g5 Nb4 14. Qc3 Nd5 15. Qc2 Nb4 16. Qb1 Nc5 17. a3 Nd5 18. Nxc5 Qxc5 19. Bd3 g6 20. Be4 a5 21. h4 Bg4 22. Nh2 Bh5 23. Nf1 Qe7 24. Ng3 Bg4 25. Qc2 Rad8 26. f3 Be6 27. Bd3 a4 28. bxa4 Ba5 29. 0-0-0 Bb4 30. h5 Bxa3 31. hxg6 Bxb2+ 32. Qxb2 fxg6 33. Ne4 b5 34. Rh4 Rf8 35. Rdh1 Rf7 36. Bb1 bxa4 37. Ba2 a3 38. Qxe5 Rf5 39. Nf6+ Kf8 40. Nxd5 Rxe5 41. Nxe7 Bxa2 42. Nxg6+ hxg6 43. d4 Rxe3 44. Kd2 Rxf3 0-1